| 000 | 00617nam a2200169Ia 4500 | ||
|---|---|---|---|
| 999 |
_c14435 _d14435 |
||
| 082 | _aRA.0161 | ||
| 100 | _aAnsari, Nafees Ahmad | ||
| 245 | 0 | _aGeneral fellowship work done on " Minority Educational Institutions : A survey of curriculam of Madarsas in Uttar Pradesh" | |
| 260 |
_c1997 _bICSSR, New Delhi |
||
| 300 | _av.p. | ||
| 650 | _aMINORITIES - EDUCATION - UTTAR PRADESH | ||
| 650 | _aISLAMIC EDUCATION - UTTAR PRADESH | ||
| 650 | _aISLAMIC UNIVERSITIES AND COLLEGES - UTTAR PRADESH | ||
| 650 | _aEDUCATION, ISLAMIC//ISLAMIC EDUCATION | ||
| 650 | _aMUSLIM EDUCATION//ISLAMIC EDUCATION | ||
| 942 |
_cRP _2ddc |
||